| 000 | 00441pab a2200169 454500 | ||
|---|---|---|---|
| 008 | 180718b2014 xxu||||| |||| 00| 0 eng d | ||
| 100 | _aJeelani, S | ||
| 245 | _aPrivate universities: challenges and opportunities in higher education | ||
| 260 | _c2014 | ||
| 300 | _ap.3-8. | ||
| 362 | _a15 Sep | ||
| 650 | _aUniversities | ||
| 650 | _aHigher education | ||
| 650 | _aprivate education | ||
| 773 | _aUniversity News | ||
| 909 | _a110198 | ||
| 999 |
_c110193 _d110193 |
||